000 00275nam a2200121Ia 4500
008 190216s9999||||xx |||||||||||||| ||und||
100 _aGupta K R
245 0 _aEconomics Of Development
260 _bAtmaram &sons
_c1967
300 _a368p
650 _aEconomics
942 _cBK
999 _c9430
_d9430